[Event "RUS-Cup3"]
[Site "Omsk"]
[Date "1996.??.??"]
[Round "5"]
[White "Fedorov, Alexei"]
[Black "Filippov, Valerij"]
[Result "0-1"]
[WhiteElo "2555"]
[BlackElo "2565"]
[Annotator "Fedorov,A"]
[PlyCount "114"]
[EventDate "1996.12.13"]
[EventType "swiss"]
[EventRounds "9"]
[EventCountry "RUS"]
[SourceTitle "CBM 057"]
[Source "ChessBase"]
[SourceDate "1997.04.01"]
[SourceVersion "1"]
[SourceVersionDate "1997.04.01"]
[SourceQuality "1"]

1. e4 c5 2. Nf3 e6 3. d3 Nc6 4. g3 g6 5. Bg2 Bg7 6. O-O Nge7 7. c3 d5 8. Qe2
O-O 9. e5 h6 10. h4 f5 11. d4 (11. exf6 $5 Rxf6 12. c4 $14 (12. Bf4 $6 Rxf4 $5
$146)) 11... b6 12. Bf4 Kh7 13. Qe3 (13. Nbd2 $5) 13... Ba6 14. Rc1 Rc8 15.
Nbd2 Na5 16. h5 $1 gxh5 (16... g5 $2 17. Bxg5 hxg5 18. Nxg5+ Kg8 19. Nxe6 $18)
17. Nh4 Bb5 (17... Nc4 $6 18. Qe2 $16) 18. Bf3 (18. b3 $5 $14) 18... Nc4 19.
Nxc4 dxc4 (19... cxd4 20. Qxd4 dxc4 (20... Rxc4 21. Qd2 $13) 21. Rd1 $13) 20.
Rd1 Nd5 21. Bxd5 Qxd5 22. dxc5 Qxc5 23. Qe2 Qe7 (23... Be8 24. Rd6 Bf7 25. Rad1
$36) (23... Rcd8 $5 24. Qxh5 Be8 25. Qe2 Bc6 26. Qh5 $10) 24. Qxh5 Qf7 25. Qxf7
Rxf7 26. Rd6 Re7 27. Nf3 Bd7 28. Rad1 (28. a4 $5 Kg8 29. a5 $16) 28... Rc7 29.
Nd4 Kg8 30. Kg2 Kf7 31. f3 Be8 32. Kh3 Rc5 33. Re1 Rcc7 34. g4 fxg4+ 35. Kxg4
Kg8 $2 (35... Bd7 $5) 36. Kh4 $2 (36. Rd8 $1 $16) 36... Bd7 37. Bh2 Bf8 38. f4
Rg7 39. f5 (39. Rxe6 $1 Rg2 40. Kh3 Rxb2 41. f5 Bxe6 42. Nxe6 $44) 39... exf5
40. e6 Be7+ 41. Kh3 Bc8 42. Rd5 $4 (42. Nxf5 Bxd6 43. Bxd6 Rg5 (43... Rc6 44.
Kh4 $1 $16) 44. Bxc7 Rxf5 45. Kg3 Kf8 46. Bd6+ Ke8 47. e7 $14) 42... Rc5 $19
43. Rxf5 Rg6 $1 44. Ree5 Rxe5 45. Rxe5 Bf6 46. Re4 Bxd4 47. Rxd4 (47. cxd4
Bxe6+ 48. Kh4 Kf7 $19) 47... Bxe6+ 48. Kh4 Rg2 49. Bf4 Kg7 $1 (49... Rxb2 50.
Rd2 $17) 50. Bd2 b5 51. Rd6 Kf6 52. Be3 Rxb2 53. Ra6 Kf5 54. Bc5 Rd2 55. a3 Rd3
56. a4 b4 $1 57. cxb4 (57. Bxb4 Kf6 $22 58. Rxa7 Rh3#) 57... Kf6 0-1

[Event "RUS-Cup3"]
[Site "Omsk"]
[Date "1996.??.??"]
[Round "1"]
[White "Fedorov, Alexei"]
[Black "Yarovik, Yuri"]
[Result "1-0"]
[WhiteElo "2555"]
[BlackElo "2375"]
[Annotator "Fedorov,A"]
[PlyCount "82"]
[EventDate "1996.12.13"]
[EventType "swiss"]
[EventRounds "9"]
[EventCountry "RUS"]
[SourceTitle "CBM 057"]
[Source "ChessBase"]
[SourceDate "1997.04.01"]
[SourceVersion "1"]
[SourceVersionDate "1997.04.01"]
[SourceQuality "1"]

1. e4 {Petursson} c5 2. Nf3 e6 3. d3 Nc6 4. g3 d5 5. Nbd2 (5. Qe2 $5 Nf6 6. Bg2
Be7 7. O-O $14) 5... Bd6 6. Bg2 Nge7 7. O-O O-O 8. Nh4 (8. Re1 $5) 8... f5 9.
f4 Rb8 10. Ndf3 Bc7 11. c3 (11. exf5 $5 exf5 12. c3 $22 a5 13. d4) 11... dxe4
12. dxe4 h6 13. Qc2 Qe8 14. Be3 b6 15. Rfe1 Qf7 16. b4 $1 e5 (16... cxb4 17.
cxb4 fxe4 18. Qxe4 Nd5 19. Bd2 $16) 17. fxe5 g5 18. e6 $1 Bxe6 19. Bxg5 fxe4 $2
(19... hxg5 20. Nxg5 Qf6 21. Nxe6 Qxe6 22. exf5 Qf7 23. Re4 $40) 20. Bxe7 exf3
21. Bxf8 fxg2 22. Bxh6 $18 cxb4 23. Qg6+ {The safest way to win!} (23. cxb4
Nxb4 24. Qxg2 Bd5) 23... Qxg6 24. Nxg6 Bf7 25. Ne7+ Nxe7 26. Rxe7 Bd6 27. Rd7 (
27. Rxa7 Bd5 28. Be3 $22 bxc3 29. Rd7 $18) 27... Bc5+ 28. Kxg2 bxc3 29. Re1 (
29. Rc1 $5 Bb4 (29... Re8 $5) (29... Re8 {Petursson}) 30. a3 Ba5 31. Re1 c2 32.
Ree7 $18) 29... Bf8 (29... b5 30. Re5 $18) 30. Bxf8 Rxf8 31. Rc7 Bd5+ 32. Kh3
Bxa2 33. Ree7 (33. Rxc3 Rf7 34. g4 $18) 33... Rf7 34. Rxf7 Bxf7 35. Rxc3 a5 36.
Rc8+ Kg7 37. Rb8 a4 38. Rxb6 a3 39. Ra6 a2 40. Kg4 Bc4 41. Ra5 Kf6 1-0

[Event "Western States op"]
[Site "Reno"]
[Date "2006.10.08"]
[Round "6"]
[White "Ibragimov, Ildar"]
[Black "Ftacnik, Lubomir"]
[Result "1-0"]
[WhiteElo "2616"]
[BlackElo "2580"]
[Annotator "Ftacnik,L"]
[PlyCount "89"]
[EventDate "2006.10.07"]
[EventType "swiss"]
[EventRounds "6"]
[EventCountry "USA"]
[SourceTitle "CBM 115"]
[Source "ChessBase"]
[SourceDate "2006.11.15"]
[SourceVersion "1"]
[SourceVersionDate "2006.11.15"]
[SourceQuality "1"]

1. e4 c5 2. d3 Nc6 3. g3 d5 4. Nd2 Nf6 5. Bg2 g6 6. Ngf3 Bg7 7. O-O O-O 8. c3
e5 9. Qb3 Rb8 10. Qb5 $5 {Ibragimov finds the best move to question the merit
of the Black's rook move. The pawn c5 is not easy to defend properly.} (10.
exd5 Nxd5 11. Nc4 Nde7 12. Re1 Be6 13. Qc2 f6 14. Be3 e4 15. Nfd2 exd3 16. Qd1
b5 17. Bxc5 Bxc4 18. Nxc4 bxc4 $19 {1/2 Van Baarle,C-Smejkal,J/Buesum 1967/ 
(42)}) (10. Re1 d4 11. cxd4 cxd4 12. Qd1 Nd7 13. Nb3 a5 14. Bd2 a4 15. Nc1 Nc5
16. b4 axb3 17. axb3 Qb6 18. b4 Ne6 19. Qa4 Bd7 {1/2 Parker,J (2335)-Fogarasi,
T (2420)/Guildford 1991/ (25)}) 10... dxe4 11. Nxe4 (11. dxe4 Qe7 $13) 11...
Nxe4 12. dxe4 Qa5 (12... Qd6 13. Be3 b6 14. Rfd1 Qc7 15. b4 $14) (12... Qb6 13.
a4 $1 $14) 13. Qe2 (13. Qxa5 Nxa5 14. b3 b6 15. Bg5 $14) 13... b5 {In higher
sense a bit dubious decision, black wanted to get rid of the structure, that
is too fixed on the dark squares.} (13... b6 $5 14. Rd1 Ba6 15. Qc2 Rbd8 16.
Bg5 f6 17. Be3 Rxd1+ 18. Qxd1 Rd8 19. Qb3+ c4 20. Qc2 $13) 14. Be3 b4 15. Rfd1
bxc3 16. bxc3 Qxc3 $2 {Stategically wrong decison since white pieces will
exercise maximum pressure. It has made more sene to play around the pawn
structure.} (16... Ba6 17. Qc2 Rfc8 18. Rd5 Bc4 $5 (18... Ne7 19. Rd7 Re8 20.
Rb1 (20. Rxa7 Nc8 21. Rd7 Nb6 $44) 20... Rxb1+ 21. Qxb1 Bb5 22. Rb7 Bc6 23. Rb8
$14) 19. Rxc5 Qa6 20. Bh3 Rc7 21. Rb1 (21. Bf1 Bxf1 22. Rxf1 Bf8 23. Rd5 Nb4
24. Qb3 (24. Qb2 Nxd5 25. Qxb8 Nxe3 26. fxe3 Re7 $13)) 21... Rxb1+ 22. Qxb1
Bxa2 23. Qf1 Qxf1+ 24. Bxf1 Bf8 $11) 17. Rac1 Qb2 (17... Qa5 18. Rxc5 $1 (18.
Bxc5 Ba6 (18... Re8 19. Bd6 Ba6 20. Qe3 (20. Qe1 Qxe1+ 21. Rxe1 Rbc8 22. Bh3
Nd4 $11) 20... Nd4 21. Bxb8 Ne2+ 22. Kh1 Nxc1 23. Bxe5 Bxe5 24. Nxe5 Rxe5 25.
Rxc1 Qxa2 26. Qxa7 $16) 19. Qe3 Rfc8 $1 (19... Rfd8 20. Bd6 Rb6 21. Rd5 Qxa2
22. Bc7 Rxd5 23. exd5 Rb3 24. Qe1 Nb4 25. Nxe5 Nc2 26. Qd1 Bh6 27. d6 Bxc1 28.
Qd5 Ra3 29. Qa8+ Kg7 30. Nd7 Kh6 31. Qf8+ Kg5 32. Bh3 $18) 20. Bd6 Rb6 $11)
18... Qa4 19. Rdc1 (19. Qc2 Qxc2 20. Rxc2 Nd4 21. Nxd4 exd4 22. Bf4 Rb6 23. Rc7
a6 $11) 19... Ba6 (19... Nd4 20. Nxd4 exd4 21. Bf4 Ba6 22. Qd2 $14) 20. Qe1
Rfc8 21. Bh3 $14) 18. Rc2 (18. Qxb2 Rxb2 19. Rxc5 Bb7 20. Bf1 Rxa2 21. Bc4 Rb2
22. Bd5 Nd8 23. Bxb7 Nxb7 24. Rc7 a5 25. Rdd7 Nd8 26. Bc5 Re8 27. Rc8 Bf6 28.
Bd6 $14) 18... Qb5 (18... Qb7 19. Bxc5 Re8 20. Bd6 Bg4 21. Bxb8 Rxb8 22. Qe3
Nd4 23. Rc5 $14) 19. Qxb5 Rxb5 20. Bf1 (20. a4 $5 Ra5 (20... Rb7 21. Rxc5 Nd4
22. Nxe5 $16) 21. Rxc5 Rxc5 22. Bxc5 Re8 23. Rd6 Re6 24. Rd5 Re8 25. Bf1 a6 $14
) 20... Ra5 $2 {Ftacnik was hoping to keep the active rook for possible
counterplay on the queenside. In reality the rook will merely be displaced
adding to defenders woes.} (20... Rb7 $5 21. Bxc5 Re8 22. Ba6 Rb8 (22... Rd7
23. Rxd7 Bxd7 24. Rd2 Bg4 25. Kg2 Bf8 26. Be3 $16) 23. Be2 Bg4 24. Bd6 Rbc8 25.
Kg2 $14) 21. Bxc5 (21. Rxc5 $1 Bg4 (21... Rxc5 22. Bxc5 Re8 23. Bb5 Bb7 24. Rd7
Na5 25. Ng5 Rc8 26. Be3 $16) 22. Rxa5 Nxa5 (22... Bxf3 23. Rc5 Bxd1 24. Rxc6
Bf3 25. Bg2 $16) 23. Kg2 Nc6 (23... f5 24. Rd5 $1 fxe4 25. Nxe5 $18) 24. Rd6
Rc8 25. Ba6 Rc7 (25... Bf8 26. Rd5 Bxf3+ 27. Kxf3 $16) 26. Bb5 Bxf3+ 27. Kxf3
Nd4+ 28. Kg2 Kf8 29. Bd3 Rc3 30. Bf1 Rc7 31. Bd2 $16) 21... Re8 22. Rd6 Bg4 $2
{Very simple miscalculation and the end of the fight, black pieces will end up
beeing very discoordinated.} (22... Nd4 23. Nxd4 exd4 24. Bxd4 Be6 (24... Bf8
25. Rd5 $16) 25. Bxg7 Kxg7 26. Rdd2 Bg4 27. Rc7 $1 Rxe4 28. f3 Bxf3 29. Rdd7
Rf5 30. Bd3 a6 31. Bxe4 Bxe4 32. g4 Rf4 33. h3 $18) (22... Re6 23. Rdd2 $1 (23.
Ng5 Rxc5 24. Rxe6 Rxc2 25. Re8+ Bf8 26. Rxc8 Kg7 27. Bb5 Nd4 28. Rxc2 Nxc2 29.
Bc4 $14) (23. Bb4 Rxd6 24. Bxd6 Bd7 25. Bc4 Bf8 26. Ng5 (26. Rd2 Bxd6 27. Rxd6
Be8 $14) 26... Bxd6 27. Nxf7 Nd4 28. Nxd6+ Kf8 29. Rb2 Ke7 $14) 23... Re8 (
23... Bh6 24. Rd5 Re8 25. Rd6 Re6 26. Nxe5 Bf8 27. Nxc6 (27. Rxe6 Bxe6 28. Bxf8
Nxe5 29. Bb4 Rxa2 30. Rxa2 Bxa2 $14) 27... Rxc5 28. Ne7+ Bxe7 29. Rxc5 Bxd6 30.
Rxc8+ $16) 24. Be3 Nb4 (24... Nd4 25. Nxd4 exd4 26. Bxd4 Bg4 27. Bxg7 Kxg7 28.
Rc7 (28. Be2 Rxe4 29. f3 Rxe2 30. Rxe2 Bxf3 31. Re3 Bd5 32. a3 $16) 28... Rxe4
29. f3 Bxf3 30. Rdd7 $16) 25. Rc7 Be6 26. Ng5 Bxa2 27. Nxf7 Bxf7 28. Rdd7 Rf8
29. Bc4 $18) (22... Nd8 23. Bb4 Nb7 24. Rdd2 Ra4 25. Bb5 Rxb4 26. Bxe8 $18) 23.
Rxc6 Bxf3 24. Bb4 Ra4 25. Rc8 Rf8 $8 {The choice was reduced to giving up
exchange or imemeditae capitulation.} (25... Rxb4 26. Rxe8+ Bf8 27. Rcc8 $18)
26. Bxf8 Bxf8 27. R8c4 Ra5 28. h3 $1 {On top of everything black bishop on f3
is trapped, realization of the massive advantage is easy.} (28. Be2 Bxe2 29.
Rxe2 Bc5 30. Rec2 $18) 28... Kg7 29. Rd2 (29. R2c3 Bd1 30. Rd3 Ba4 31. Rd5 $18)
29... Rc5 (29... g5 30. Be2 Bxe2 31. Rxe2 Bc5 32. Kg2 $18) 30. Rd7 a5 31. Rxc5
{White has lost patience, even easier was the task after 31.Ra7!} (31. Ra7 $1
Kf6 32. Rxc5 Bxc5 33. Rxa5 $18) 31... Bxc5 32. Bg2 Be2 33. Rd5 Bb4 34. Bf1 $1
Bxf1 35. Kxf1 Kf6 36. a4 h5 37. Ke2 Ke6 38. Rb5 Kf6 39. Rb6+ (39. Rxb4 $1 axb4
40. a5 $18) 39... Ke7 40. Ra6 Kf8 41. Ra7 Kg7 42. Rb7 Bc3 43. Rb3 Bd4 44. Rb5
Bc3 45. Rc5 1-0

[Event "Hoogovens-B"]
[Site "Wijk aan Zee"]
[Date "1977.01.24"]
[Round "9"]
[White "Szmetan, Jorge"]
[Black "Van der Sterren, Paul"]
[Result "1/2-1/2"]
[WhiteElo "2435"]
[BlackElo "2375"]
[Annotator "Ftacnik,L"]
[PlyCount "119"]
[EventDate "1977.01.14"]
[EventType "tourn"]
[EventRounds "11"]
[EventCountry "NED"]
[EventCategory "7"]
[SourceTitle "MCL"]
[Source "ChessBase"]
[SourceDate "1999.07.01"]
[SourceVersion "1"]
[SourceVersionDate "1999.07.01"]
[SourceQuality "1"]

1. e4 e6 2. d3 d5 3. Nd2 c5 4. Ngf3 Nc6 5. g3 Bd6 6. Bg2 Nge7 7. O-O O-O 8. Nh4
b6 9. f4 f6 10. Bh3 Bc7 11. Re1 a5 12. a4 Nb4 13. Ndf3 (13. exd5 exd5 14. Bxc8
Rxc8 15. Ndf3 d4 $10) 13... dxe4 14. Rxe4 Nf5 15. Bd2 $6 (15. Nxf5 $5 exf5 16.
Re1 Bb7 17. Bg2 Qd7 18. Be3 Rae8 $10) 15... Qd7 $6 (15... Nxh4 16. Nxh4 f5 17.
Re2 Qd4+ 18. Be3 Qxb2) 16. Bxb4 $6 (16. Nxf5) 16... axb4 17. Qe2 Rxa4 18. Re1 (
18. Rxa4 Qxa4 19. Rxe6 Nxh4 20. Nxh4 Bxe6 $2 21. Bxe6+ Kh8 22. Ng6+ hxg6 23.
Qg4) 18... g6 $6 (18... Bd6 $1) 19. Nxf5 exf5 $1 (19... gxf5 20. Bxf5 $1 exf5
21. Re7 Qd6 22. Nh4 Bd8 23. Rxh7 $1 Kxh7 24. Qh5+) 20. Re7 Qd6 21. d4 $1 Ba6
22. Qe3 Bc4 $5 23. Nd2 (23. b3 Ra3) 23... Bf7 24. Bf1 $2 (24. dxc5 $1 bxc5 25.
Bf1) 24... Bd8 25. Rxf7 $1 Kxf7 $1 26. Qb3+ Kg7 27. Qxa4 Qxd4+ 28. Kh1 Qxd2 29.
Ra1 Rf7 30. Qa8 Re7 31. Bd3 Bc7 32. b3 h5 $1 33. Qd5 $6 h4 34. Bc4 Qxd5+ 35.
Bxd5 h3 $2 (35... hxg3 36. hxg3 g5 37. Rf1 gxf4 38. gxf4 Re2) 36. Kg1 g5 37.
Rf1 $2 (37. Ra7) 37... Kg6 (37... gxf4 38. gxf4 Re2 39. Rf2) 38. Bc4 gxf4 39.
gxf4 Re4 40. Rf3 Bxf4 41. Rxh3 Be5 42. Rh8 Kg5 43. Bd3 Rg4+ 44. Kf1 Kf4 $2 45.
Rh5 $1 Rg5 46. Rxg5 fxg5 47. h3 Bd4 48. Kg2 Be3 49. Kf1 Bc1 50. Kg2 Ke5 51. Kf3
Bd2 52. Ke2 Bc3 53. Kf3 Be1 54. Ke2 Bh4 55. Kf3 f4 56. Ke2 Kd4 57. Kf3 Kc3 58.
Ke2 Bg3 59. Kf3 Kd2 60. Ke4 1/2-1/2

[Event "Zuerich op-A 28th"]
[Site "Zuerich"]
[Date "2004.12.27"]
[Round "3"]
[White "Gasthofer, Alexander"]
[Black "Golod, Vitali"]
[Result "1/2-1/2"]
[WhiteElo "2440"]
[BlackElo "2554"]
[Annotator "Golod,V"]
[PlyCount "76"]
[EventDate "2004.12.26"]
[EventType "swiss"]
[EventRounds "9"]
[EventCountry "SUI"]
[SourceTitle "CBM 105"]
[Source "ChessBase"]
[SourceDate "2005.04.11"]
[SourceVersion "1"]
[SourceVersionDate "2005.04.11"]
[SourceQuality "1"]

{11 years ago I played against Victor Gasthofer and now I should play against
his son Alexander.The result of this two games was identical :)} 1. Nf3 Nf6 2.
g3 d5 3. Bg2 c5 4. O-O g6 $6 {Usually the games,which have reached this
position were continued as follows:} (4... Nc6 {For further details you can
see comments to Roiz,M-Marcelin,C/Biel,2004/CBM 101(1/2-1/2)(Roiz,M)(26)}) 5.
d4 {Now White receive a convenient game with the clear plan of pressure on the
contender's centre.} cxd4 6. Nxd4 Bg7 7. Nc3 Nc6 $5 {I had a rather uneasy
choice between it and two other continuations:} (7... e5 $6 8. Nb3 d4 9. Na4 {
/\c3 +/=}) (7... O-O $6 8. Nb3 e6 9. e4 dxe4 10. Nxe4 $14) 8. Nb3 {All these
moves my contender has made very quickly.} ({White fairly did not want to move
the pawn "e2":} 8. e4 {in view of:} dxe4 $1 (8... Bg4 $143 9. Nxc6 bxc6 10. Qd4
{/\e5(ץg4)} dxe4 11. Qa4 {קc6,Pe4 +/=}) (8... Nxd4 9. Qxd4 dxe4 10. Qxd8+
Kxd8 11. Rd1+ Bd7 12. Bg5 Kc8 13. Nxe4 Nxe4 14. Bxe4 {+/=/= Lobejko,R-Talla,V/
Trinec,2001(1-0)(64)}) 9. Nxc6 bxc6 (9... Qxd1 $143 10. Rxd1 bxc6 11. Nxe4 $14)
10. Qxd8+ Kxd8 11. Rd1+ (11. Nxe4 Nxe4 12. Bxe4 Kc7 {/\f5,e5 =}) 11... Bd7 12.
Nxe4 Nxe4 13. Bxe4 Kc7 $11) 8... e6 9. e4 $5 {Differently it will be complex
to expect for opening advantage.} ({On:} 9. Bf4 {you can find three games}) ({
and after:} 9. Be3 {you can find only one game in Mega DataBase 2005.}) 9... d4
{I had no other worthy alternative.} 10. Na4 $1 $146 {Is paradoxical,but this
logical move is a novelty.The games,which have reached this position were
continued as follows:} (10. Nb5 $6 e5 11. c3 (11. f4 Ng4 $13 {/\a6}) 11... a6
12. Na3 dxc3 13. bxc3 O-O 14. Nc4 $11 {Vukanovic,S-Hoffman,A/playchess.com,
2004(1-0)(24)}) ({and} 10. Ne2 $6 e5 11. f4 (11. c3 $4 d3 $19) 11... Qb6 $1 {
/\d3+} 12. Kh1 Ng4 13. h3 h5 14. hxg4 $2 (14. fxe5 $5) 14... hxg4+ 15. Kg1 d3+
16. Rf2 dxe2 17. Qxe2 exf4 18. Bxf4 Nd4 $17 {Seirawan,Y-Ljubojevic,L/
Roquebrune,1992(0-1)(45)}) 10... O-O ({It was pretty dubious:} 10... e5 $6 {
because of:} 11. c3 {with the idea to undermine my pawns centre:} dxc3 12.
Qxd8+ Nxd8 13. Nxc3 $14) 11. c3 $1 {Differently,Black quietly will finish
development and will receive convenient game.} (11. e5 $143 Nxe5 12. Qxd4 Nd5
$1 $132 {/\Nf3+(ףd4)}) 11... dxc3 12. Nxc3 Qe7 13. Be3 {During a game I most
of all was afraid:} (13. Bg5 $5 h6 $140 14. Be3 {><h6} Rd8 15. Qe2 $14) 13...
Rd8 14. Qe2 $14 Nd7 (14... b6 $4 {is refuted by:} 15. Bg5 $3 {/\e5} (15. e5
$143 Nd5 16. Nxd5 exd5 17. f4 f6 18. Qb5 $1 Qd7 19. Rad1 $36) 15... e5 $140 16.
Nd5 Qd6 17. Rad1 $18 {and Black can not simultaneously protect all weak pieces.
}) 15. Rfd1 {I at all did not expect this move,and hoped on more logical:} (15.
f4 $5 {/\e5,Ne4-d6}) 15... b6 16. Nd4 $2 ({Not so is strong as it seems:} 16.
Nd5 {in view of:} exd5 (16... Qf8 $143 17. Nc7 Rb8 18. Bg5 Ne7 (18... Nf6 $2
19. Qb5 $16 {פc6; /\e5}) 19. Rac1 $14) 17. exd5 $140 Nde5 $1 18. dxc6 Bg4 19.
f3 Be6 $1 $44) ({After simple:} 16. e5 $1 Bb7 17. f4 {/\Ne4-d6 White has a
strong positional pressure.Here Black apparently should sacrifice the queen,as
very difficultly to find other protective plan:} f6 $5 18. Rd6 $140 {[%csl Rc6,
Re6,Rg8][%cal Gd6e6,Gg2d5]} (18. Ne4 $2 fxe5 19. Nd6 $140 Nd4 $1 $13) 18...
Rac8 19. Rxe6 Qxe6 20. Bd5 Qxd5 21. Nxd5 fxe5 22. Rf1 {+/=/+/-}) 16... Nxd4 (
16... Bb7 $143 17. Nxc6 Bxc6 18. Rac1 {/\Nd5(ץc6)} (18. Nd5 $4 exd5 19. exd5
Ba4 $19) 18... Rac8 19. f4 {+/=/=}) 17. Bxd4 Bxd4 18. Rxd4 {The position has
become simpler,and now White can not receive,even the minimal positional
advantage.} Bb7 $11 {I have decided still to continue to play and to not
hasten to offer a draw.} 19. Rad1 Ne5 20. h3 {[%csl Yh3][%cal Yh3g4] The
useful preventive move.} Rxd4 21. Rxd4 Rd8 {For me it's certainly favourable
to exchange two pairs of rooks.} 22. Qd1 Rxd4 23. Qxd4 Nc6 24. Qd2 Ba6 $5 {
/^a6-f1} ({Leads to absolutely equality:} 24... e5) 25. Bf1 Bxf1 {After
exchange of these bishops it will be much easier to reach up to weaknesses of
white's camp.} 26. Kxf1 Qc5 27. Kg2 Ne5 28. Ne2 Qc4 ({Also after:} 28... Nc4 {
Alexander still could keep a equality:} 29. Qc3 Qc6 30. f3 $11 Qc5 $6 31. b3
Ne3+ 32. Kg1 {+/=/=}) 29. Qd4 $1 {By such original way,it is possible to
protect simultaneously of the pawns "a2" and "e4".} (29. Nc3 $143 Nd3 {with
some initiative.}) 29... Qxd4 ({Leads to absolutely drawn QQ endgame:} 29...
Qxe2 30. Qxe5 {and so on.}) 30. Nxd4 Nd3 31. b3 Nc1 32. a3 $1 $138 {White pawn
is less vulnerable on this field.} e5 33. Nc6 Nxb3 34. Nxa7 Nd4 $4 {Painful
blunder leading to very hard NN endgame.} (34... Nd2 $5 35. Nc6 (35. Nc8 $143
Nc4) 35... f6 36. Ne7+ Kf7 37. Nd5 Nc4 38. a4 Ke6 {=/=/+}) 35. a4 $1 {[%csl
Ya4,Rb6][%cal Ga7c8]} Kg7 ({Hardly it was better:} 35... Kf8 36. Nc8 b5 37. a5
b4 38. Nb6 $1 (38. a6 $5 b3 (38... Nb5 $143 39. a7 Nc7 40. Nb6 b3 41. Nc4 Ke7
42. Kf3 Kd8 (42... Kd7 $143 43. Nxe5+ {[%cal Ye5d3,Ye5c4]}) 43. Ke3 Kc8 44. Kd3
$16) 39. a7 b2 40. a8=Q b1=Q 41. Nb6+ Kg7 42. Nd7 {/\Qf8#; קe5} Qb4 43. Nxe5 {
+/=/+/-}) 38... b3 39. Nc4 Nc6 40. a6 Ke7 41. Kf3 Kd7 42. Ke3 Kc7 43. Kd2 Kb8
44. Kc3 Ka7 45. Nd6 f6 (45... Kxa6 $143 46. Nxf7 Kb5 47. Kxb3) 46. Kxb3 Kxa6
47. Kc4 $16) 36. Nc8 b5 37. a5 $1 {The remote Pa5 becomes more dangerous than
my Pb5.Now it will be very complex to stop him.} (37. axb5 $2 Nxb5 $11) 37...
b4 38. Nb6 $1 $16 ({Leads to absolutely equality:} 38. a6 $2 b3 39. a7 b2 40.
a8=Q b1=Q 41. Qd5 (41. Nd6 $2 Ne2 $1 $40) (41. Ne7 $2 Qb3 {/\Qf3+->}) 41... Qb5
$11) 38... b3 {Here I have offered a draw.My contender had about one minute on
two moves and therefore he could not correctly estimate a position. In a
result the draw was agreed,despite White had very good practical chances to
win this endgame.} ({After:} 38... b3 {White could to continue a game without
risk to lose:} 39. Nc4 f5 (39... Kf6 40. a6 Nc6 (40... Nb5 $144 41. Kf3 $16)
41. Kf3 $16 {[%csl Rb3][%cal Gf3e3,Ge3d2,Ge3d3,Gd3c3,Gd2c3]}) 40. a6 Nb5 41. f3
(41. exf5 $5 gxf5 42. Kf3 $16) 41... Kf6 42. Kf2 Ke6 43. Ke3 $16) 1/2-1/2